Представление документа в формате MARC21

Поле Инд. ПП Название Значение
Тип записи a
Библиографический уровень m
001 Контрольный номер 8e30bb96-cea2-4033-8624-3fadde31e5a4
005 Дата корректировки 20131112173217.8
008 Кодируемые данные 060607s1987 rur a 000u 0rus d
017 a Номер государственной регистрации 87-11064
b Организация, присвоившая номер RuMoRKP
2 Источник номера ЛГР
020 c Цена, тираж 65 к.
040 a Служба первич. каталог. RuMoRKP
041 00 a Код языка текста rus
080 00 a Индекс УДК 882(092)Блок(093.3)
084 a Индекс другой классификации/Индекс ББК 83.3Р7
090 x Авторский знак К534
092 00 a 17.01
100 _0 a Автор Книпович Евгения Федоровна
245 a Заглавие Об Александре Блоке
b Продолж. заглавия Воспоминания. Дневники. Комментарии /
c Ответственность Е. Книпович
260 a Место издания Москва
b Издательство Советский писатель
c Дата издания 1987
300 a Объем 141,[2] с., [16] л. ил.
b Иллюстрации/ тип воспроизводства ил.
c Размеры 17 см
650 a Основная рубрика Русская советская поэзия
x Основная подрубрика Воспоминания и записки
650 a Основная рубрика Блок, Александр Александрович
653 a Ключевые слова Русская литература ХХ века (1917-)
653 a Ключевые слова Русское зарубежье